000 00374nam a2200145Ia 4500
008 230711s9999||||xx |||||||||||||| ||und||
041 _aENG
082 _a624.171
_bWA-S
100 _aWang,C.K
245 0 _aIndeterminate steel structure
250 _a1st . Ed.
260 _c1983
_aNew Delhi
_bTata McGraw Hill Education Limited
650 _aCivil Engineering
942 _cBK
999 _c4259
_d4259